[Event "HUN-chT1 Maroczy 2122"]
[Site "Hungary"]
[Date "2021.10.10"]
[Round "1.9"]
[White "Piroska, Istvan"]
[Black "Gelle, Istvan"]
[Result "0-1"]
[WhiteElo "2028"]
[BlackElo "2241"]
[PlyCount "146"]
[EventDate "2021.10.10"]
[EventType "team-tourn"]
[EventRounds "11"]
[EventCountry "HUN"]
[SourceTitle "EXT 2025"]
[Source "ChessBase"]
[SourceDate "2024.10.14"]
[SourceVersion "1"]
[SourceVersionDate "2024.10.14"]
[SourceQuality "1"]
[WhiteTeam "Morihana II"]
[BlackTeam "Hobagoly"]
[WhiteTeamCountry "HUN"]
[BlackTeamCountry "HUN"]

1. e4 c6 2. d4 d5 3. Nc3 dxe4 4. Nxe4 Bf5 5. Ng3 Bg6 6. Nf3 e6 7. Bd3 Nd7 8. 0-0 Ngf6 9. c4 Be7 10. Bxg6 hxg6 11. Qe2 0-0 12. Rd1 Re8 13. h3 a5 14. Ne4 a4 15. Nxf6+ gxf6 16. Be3 Qa5 17. Rd3 Bb4 18. Rad1 b5 19. c5 Qd8 20. Bd2 Bxd2 21. Nxd2 f5 22. Nf3 Nf6 23. Ne5 Qd5 24. Qe3 Kg7 25. a3 Rh8 26. Qf4 Rac8 27. Re1 Rh5 28. Rde3 Rch8 29. Nf3 Rd8 30. Qc7 Rd7 31. Qb6 Ne4 32. Ne5 Qxd4 33. Nxd7 Qxd7 34. f3 Nd2 35. Qa5 Nc4 36. Qc3+ Kh7 37. Rd3 Qe7 38. Kh1 f4 39. Red1 Qxc5 40. Qf6 Qf5 41. Qc3 Qe5 42. Qxe5 Rxe5 43. Rd7 Rf5 44. Rc7 Nxb2 45. Ra1 Nc4 46. Rxc6 g5 47. Rc7 Kg6 48. Rd7 Kf6 49. Rd3 Rd5 50. Rc3 Ke5 51. Kg1 Rd2 52. Rb1 Kd4 53. Rcc1 Nxa3 54. Rb4+ Ke5 55. Rc3 Ra2 56. Rc5+ Kf6 57. h4 gxh4 58. Rxf4+ Ke7 59. Rb4 Kd6 60. Rc3 f5 61. Kh2 Ra1 62. g3 hxg3+ 63. Kxg3 Rb1 64. Rd4+ Ke5 65. Rd7 Nc4 66. f4+ Ke4 67. Rcd3 e5 68. fxe5 f4+ 69. Kf2 Rb2+ 70. Ke1 Nxe5 71. R7d4+ Kf5 72. Ra3 f3 73. Rd2 Rxd2 0-1

[Event "Zalakaros Barczay Memorial"]
[Site "Zalakaros"]
[Date "2020.09.06"]
[Round "7"]
[White "Hardicsay, Peter"]
[Black "Piroska, Istvan"]
[Result "1/2-1/2"]
[WhiteElo "2205"]
[BlackElo "2143"]
[PlyCount "108"]
[EventDate "2020.08.31"]
[EventType "swiss"]
[EventRounds "7"]
[EventCountry "HUN"]
[SourceTitle "CBM 198 Extra"]
[Source "ChessBase"]
[SourceDate "2020.11.30"]
[SourceVersion "1"]
[SourceVersionDate "2020.11.30"]
[SourceQuality "1"]

1. Nf3 d5 2. c4 d4 3. e3 c5 4. exd4 cxd4 5. g3 Nc6 6. d3 e5 7. Bg2 Nf6 8. 0-0 Bd6 9. a3 a5 10. Bg5 h6 11. Bxf6 Qxf6 12. Nbd2 Qe7 13. Re1 0-0 14. Rc1 Bg4 15. Qa4 Qd7 16. c5 Bc7 17. Nc4 Rfe8 18. Nfd2 Bf5 19. Nb6 Bxb6 20. cxb6 Re6 21. Ne4 Qe8 22. Nc5 Nd8 23. Qxe8+ Rxe8 24. f4 f6 25. fxe5 Rxe5 26. Rxe5 fxe5 27. Re1 Nf7 28. Nxb7 Rb8 29. Nxa5 Rxb6 30. Nc4 Rb5 31. Be4 Bxe4 32. Rxe4 Ng5 33. Re2 e4 34. Kg2 e3 35. b4 Rf5 36. a4 h5 37. h4 Ne6 38. Rc2 g5 39. hxg5 Nxg5 40. b5 Nf3 41. Re2 h4 42. gxh4 Nxh4+ 43. Kg3 Ng6 44. Re1 Nf4 45. Nxe3 dxe3 46. Rxe3 Nd5 47. Re6 Kf7 48. Rc6 Nb4 49. Rc7+ Ke6 50. d4 Rf1 51. a5 Kd6 52. b6 Ra1 53. Ra7 Nc6 54. Ra8 Rxa5 1/2-1/2

[Event "Zalakaros Barczay Memorial"]
[Site "Zalakaros"]
[Date "2020.09.03"]
[Round "4"]
[White "Piroska, Istvan"]
[Black "Bodrogi, Bendeguz"]
[Result "0-1"]
[WhiteElo "2143"]
[BlackElo "2146"]
[PlyCount "76"]
[EventDate "2020.08.31"]
[EventType "swiss"]
[EventRounds "7"]
[EventCountry "HUN"]
[SourceTitle "CBM 198 Extra"]
[Source "ChessBase"]
[SourceDate "2020.11.30"]
[SourceVersion "1"]
[SourceVersionDate "2020.11.30"]
[SourceQuality "1"]

1. e4 c5 2. Nf3 Nc6 3. d4 cxd4 4. Nxd4 e5 5. Nb5 d6 6. N1c3 a6 7. Na3 Be7 8. Nd5 Nf6 9. Nxf6+ Bxf6 10. Nc4 0-0 11. Be3 Be7 12. Nb6 Rb8 13. Nxc8 Rxc8 14. c3 Bg5 15. Qd2 Bxe3 16. Qxe3 d5 17. exd5 Qxd5 18. Bd3 f5 19. 0-0 e4 20. Bc2 Qe5 21. Rad1 Rcd8 22. Qb6 Qe7 23. Bb3+ Kh8 24. Rd5 Ne5 25. Rfd1 Nd3 26. Bc4 Rxd5 27. Bxd5 Rd8 28. c4 h6 29. a3 Rf8 30. b4 Qe5 31. Bxb7 f4 32. Qg6 Rf5 33. h3 f3 34. g4 e3 35. Qxf5 exf2+ 36. Kh1 Qe1+ 37. Kh2 f1N+ 38. Kh1 Ng3+ 0-1

[Event "HUN-ch rapid"]
[Site "Ajka"]
[Date "2020.07.17"]
[Round "1"]
[White "Berkes, Ferenc"]
[Black "Piroska, Istvan"]
[Result "1-0"]
[WhiteElo "2661"]
[BlackElo "2145"]
[PlyCount "51"]
[EventDate "2020.07.17"]
[EventType "swiss (rapid)"]
[EventRounds "13"]
[EventCountry "HUN"]
[SourceTitle "CBM 197 Extra"]
[Source "ChessBase"]
[SourceDate "2020.09.30"]
[SourceVersion "1"]
[SourceVersionDate "2020.09.30"]
[SourceQuality "1"]

1. d4 d5 2. c4 dxc4 3. Nf3 Nf6 4. e3 e6 5. Bxc4 c5 6. 0-0 a6 7. Be2 Nc6 8. Ne5 Nxe5 9. dxe5 Qxd1 10. Rxd1 Nd7 11. f4 b5 12. a4 b4 13. Bf3 Rb8 14. Nd2 Nb6 15. a5 Nd5 16. Nc4 Bb7 17. e4 Nc7 18. Nd6+ Bxd6 19. exd6 Nb5 20. Be3 Kd7 21. Bxc5 b3 22. Rac1 Rhc8 23. Kf2 f6 24. Ke3 Ba8 25. h4 Nc3 26. Rxc3 1-0

[Event "HUN-chT2 Maroczy 1819"]
[Site "Hungary"]
[Date "2018.10.07"]
[Round "2.3"]
[White "Piroska, Istvan"]
[Black "Kasa, Krisztian"]
[Result "1/2-1/2"]
[WhiteElo "2076"]
[BlackElo "2147"]
[PlyCount "23"]
[EventDate "2018.09.23"]
[EventType "team-tourn"]
[EventRounds "11"]
[EventCountry "HUN"]
[SourceTitle "EXT 2020"]
[Source "ChessBase"]
[SourceDate "2019.10.17"]
[SourceVersion "1"]
[SourceVersionDate "2019.10.17"]
[SourceQuality "1"]
[WhiteTeam "Penzugyor II"]
[BlackTeam "Kobanya Aquarena II"]
[WhiteTeamCountry "HUN"]
[BlackTeamCountry "HUN"]

1. e4 d5 2. exd5 Nf6 3. d4 Nxd5 4. Nf3 Nc6 5. Be2 Bg4 6. 0-0 e6 7. c3 Be7 8. Ne5 Nxe5 9. Bxg4 Nxg4 10. Qxg4 Bf6 11. Nd2 h5 12. Qf3 1/2-1/2

[Event "Budapest-chT1 Lilienthal 1718"]
[Site "Budapest"]
[Date "2018.04.15"]
[Round "13"]
[White "Piroska, Istvan"]
[Black "Kaczur, Florian"]
[Result "1/2-1/2"]
[WhiteElo "2133"]
[BlackElo "2459"]
[PlyCount "111"]
[EventDate "2017.10.01"]
[EventType "team-tourn"]
[EventRounds "13"]
[EventCountry "HUN"]
[SourceTitle "EXT 2021"]
[Source "ChessBase"]
[SourceDate "2020.10.23"]
[SourceVersion "1"]
[SourceVersionDate "2020.10.23"]
[SourceQuality "1"]
[WhiteTeam "Penzugyor III"]
[BlackTeam "Barcza GSC"]
[WhiteTeamCountry "HUN"]
[BlackTeamCountry "HUN"]

1. e4 e5 2. Nf3 Nc6 3. Bc4 Bc5 4. Nc3 Nf6 5. d3 h6 6. Be3 Bb6 7. a3 d6 8. Bxb6 axb6 9. h3 Qe7 10. Qd2 Bd7 11. 0-0-0 Na5 12. Ba2 c5 13. g4 b5 14. g5 b4 15. Nb1 Nh5 16. gxh6 Rxh6 17. axb4 Nc6 18. Bd5 Nxb4 19. d4 Nf4 20. Na3 Nbxd5 21. exd5 cxd4 22. Nxd4 f6 23. Ne2 Nxe2+ 24. Qxe2 Rh4 25. Kb1 Kf7 26. Rdg1 Bf5 27. Rg3 g5 28. Qb5 Rc8 29. Rb3 Rc7 30. Qb6 Rd4 31. h4 g4 32. f3 gxf3 33. h5 f2 34. h6 Rh4 35. Rf1 Be4 36. Qxf2 Rf4 37. Qg1 Rxf1+ 38. Qxf1 Rc8 39. Rg3 Rg8 40. Qh3 Rxg3 41. Qxg3 Bg6 42. Qh3 Kg8 43. Nb5 f5 44. Qa3 f4 45. Qxd6 Qg5 46. Qc7 Qxh6 47. d6 Qh1+ 48. Ka2 Bf5 49. Qd8+ Kf7 50. Qe7+ Kg6 51. Qe8+ Kf6 52. Qe7+ Kg6 53. Qe8+ Kf6 54. Qf8+ Kg6 55. Qg8+ Kf6 56. Qd8+ 1/2-1/2

[Event "Budapest-chT1 Lilienthal 1718"]
[Site "Budapest"]
[Date "2018.02.04"]
[Round "8"]
[White "Piroska, Istvan"]
[Black "Toth, Ervin"]
[Result "1-0"]
[WhiteElo "2133"]
[BlackElo "2450"]
[PlyCount "75"]
[EventDate "2017.10.01"]
[EventType "team-tourn"]
[EventRounds "13"]
[EventCountry "HUN"]
[SourceTitle "EXT 2021"]
[Source "ChessBase"]
[SourceDate "2020.10.23"]
[SourceVersion "1"]
[SourceVersionDate "2020.10.23"]
[SourceQuality "1"]
[WhiteTeam "Penzugyor III"]
[BlackTeam "Siraly"]
[WhiteTeamCountry "HUN"]
[BlackTeamCountry "HUN"]

1. e4 g6 2. d4 Bg7 3. Nf3 d6 4. Nc3 Nf6 5. Be2 0-0 6. 0-0 c6 7. a4 a5 8. h3 Nbd7 9. Be3 Qc7 10. Qd2 e5 11. dxe5 dxe5 12. Rad1 Re8 13. Ng5 h6 14. Nf3 Kh7 15. Bc4 Nf8 16. Bc5 Be6 17. Bxe6 Rxe6 18. Bd6 Qb6 19. Bxe5 Rae8 20. Bd4 Qc7 21. e5 N6d7 22. Qf4 f6 23. Ne4 fxe5 24. Qg3 Nf6 25. Nxf6+ Bxf6 26. Nd2 Bg5 27. Bc3 Bf4 28. Qd3 e4 29. Qd4 Be5 30. Qe3 b5 31. Bxe5 Qxe5 32. b3 Rd6 33. Nf3 Qf6 34. Rxd6 Qxd6 35. Nd2 bxa4 36. Nxe4 Rxe4 37. Qxe4 a3 38. Re1 1-0

[Event "HUN-chT2 Charousek 1718"]
[Site "Hungary"]
[Date "2017.12.17"]
[Round "4.7"]
[White "Jakab, Bela"]
[Black "Piroska, Istvan"]
[Result "1/2-1/2"]
[WhiteElo "2182"]
[BlackElo "2137"]
[PlyCount "95"]
[EventDate "2017.10.29"]
[EventType "team-tourn"]
[EventRounds "9"]
[EventCountry "HUN"]
[SourceTitle "EXT 2020"]
[Source "ChessBase"]
[SourceDate "2019.10.17"]
[SourceVersion "1"]
[SourceVersionDate "2019.10.17"]
[SourceQuality "1"]
[WhiteTeam "Gyor Szechenyi"]
[BlackTeam "Penzugyor"]
[WhiteTeamCountry "HUN"]
[BlackTeamCountry "HUN"]

1. e4 e5 2. Nf3 Nc6 3. Bc4 Bc5 4. c3 Nf6 5. d3 d6 6. 0-0 Bg4 7. Bb3 Qd7 8. Nbd2 0-0-0 9. a4 d5 10. Bc2 dxe4 11. Nxe4 Nxe4 12. dxe4 Qxd1 13. Bxd1 a5 14. Bb3 f6 15. h3 Bh5 16. Re1 Rd6 17. g4 Be8 18. Nh4 Rd3 19. Kg2 h5 20. g5 Bd7 21. Nf5 Bxf5 22. exf5 fxg5 23. Bxg5 Rf8 24. Re4 Kb8 25. Be6 b6 26. Rae1 Rd6 27. f4 Rd2+ 28. R1e2 Rxe2+ 29. Rxe2 exf4 30. Kf3 Ne7 31. Bxe7 Bxe7 32. Bd7 Bc5 33. Kxf4 g6 34. Re8+ Rxe8 35. Bxe8 gxf5 36. Bxh5 Kc8 37. Kxf5 Kd7 38. Kf6 Bf2 39. Bg4+ Ke8 40. Ke6 Be3 41. h4 Kf8 42. Kd7 Bf4 43. h5 Kg7 44. b4 axb4 45. cxb4 Bd2 46. a5 bxa5 47. bxa5 Bxa5 48. h6+ 1/2-1/2

[Event "Budapest-chT1 Lilienthal 1718"]
[Site "Budapest"]
[Date "2017.12.10"]
[Round "5"]
[White "Jamrich, Gyorgy"]
[Black "Piroska, Istvan"]
[Result "1-0"]
[WhiteElo "2247"]
[BlackElo "2133"]
[PlyCount "71"]
[EventDate "2017.10.01"]
[EventType "team-tourn"]
[EventRounds "13"]
[EventCountry "HUN"]
[SourceTitle "EXT 2021"]
[Source "ChessBase"]
[SourceDate "2020.10.23"]
[SourceVersion "1"]
[SourceVersionDate "2020.10.23"]
[SourceQuality "1"]
[WhiteTeam "Palota Sakk"]
[BlackTeam "Penzugyor III"]
[WhiteTeamCountry "HUN"]
[BlackTeamCountry "HUN"]

1. e4 e5 2. Nc3 Nc6 3. g3 Nf6 4. Bg2 Bc5 5. Nge2 a6 6. 0-0 d6 7. Nd5 Bg4 8. c3 Ba7 9. h3 Bh5 10. g4 Bg6 11. Ng3 h5 12. g5 Nxd5 13. exd5 h4 14. dxc6 hxg3 15. d4 gxf2+ 16. Rxf2 bxc6 17. Bxc6+ Kf8 18. Qf3 Rb8 19. Be3 Qc8 20. Kg2 exd4 21. cxd4 Rb6 22. Bd5 Rb5 23. Bxf7 Rf5 24. Bxg6 Rxf3 25. Rxf3+ Ke7 26. d5 Qb7 27. Re1 Bxe3 28. Rexe3+ Kd8 29. Rb3 Qa8 30. Bf7 a5 31. g6 Rf8 32. h4 a4 33. Rb4 c5 34. dxc6 Qxc6 35. Rb8+ Ke7 36. Rxf8 1-0

[Event "Budapest-chT1 Lilienthal 1718"]
[Site "Budapest"]
[Date "2017.11.19"]
[Round "4"]
[White "Piroska, Istvan"]
[Black "Mihok, Oliver"]
[Result "0-1"]
[WhiteElo "2133"]
[BlackElo "2535"]
[PlyCount "68"]
[EventDate "2017.10.01"]
[EventType "team-tourn"]
[EventRounds "13"]
[EventCountry "HUN"]
[SourceTitle "EXT 2021"]
[Source "ChessBase"]
[SourceDate "2020.10.23"]
[SourceVersion "1"]
[SourceVersionDate "2020.10.23"]
[SourceQuality "1"]
[WhiteTeam "Penzugyor III"]
[BlackTeam "Mattolda"]
[WhiteTeamCountry "HUN"]
[BlackTeamCountry "HUN"]

1. e4 c5 2. Nf3 e6 3. d4 cxd4 4. Nxd4 Nc6 5. Nc3 Qc7 6. Be2 a6 7. a3 b5 8. Nxc6 dxc6 9. 0-0 e5 10. f4 Bd6 11. f5 Nf6 12. Bg5 Bb7 13. Bd3 Bc5+ 14. Kh1 h6 15. Bd2 Be7 16. Qe2 Rd8 17. Be3 c5 18. Qf3 c4 19. Be2 Bc5 20. Rad1 0-0 21. Bc1 Kh7 22. a4 Qc6 23. axb5 axb5 24. b3 Nxe4 25. Rxd8 Rxd8 26. Nxe4 Qxe4 27. bxc4 Qxc2 28. Qh5 Qe4 29. Bf3 Qxc4 30. Be2 Qd5 31. Bf3 e4 32. Bxh6 gxh6 33. Bxe4 Qc4 34. Bd3 Rxd3 0-1

[Event "Budapest-chT1 Lilienthal 1718"]
[Site "Budapest"]
[Date "2017.11.12"]
[Round "3"]
[White "Paschall, William M"]
[Black "Piroska, Istvan"]
[Result "1-0"]
[WhiteElo "2368"]
[BlackElo "2133"]
[PlyCount "107"]
[EventDate "2017.10.01"]
[EventType "team-tourn"]
[EventRounds "13"]
[EventCountry "HUN"]
[SourceTitle "EXT 2021"]
[Source "ChessBase"]
[SourceDate "2020.10.23"]
[SourceVersion "1"]
[SourceVersionDate "2020.10.23"]
[SourceQuality "1"]
[WhiteTeam "Fabulon"]
[BlackTeam "Penzugyor III"]
[WhiteTeamCountry "HUN"]
[BlackTeamCountry "HUN"]

1. Nf3 d5 2. g3 c5 3. Bg2 Nc6 4. d4 e6 5. 0-0 Nf6 6. c4 cxd4 7. Nxd4 Bc5 8. Nb3 Be7 9. Nc3 dxc4 10. Qxd8+ Bxd8 11. Nd2 Na5 12. Nb5 0-0 13. Nd6 Rb8 14. N2xc4 Bd7 15. Nxa5 Bxa5 16. Bf4 Nd5 17. Rac1 Bc6 18. Bxd5 exd5 19. Nf5 Rbe8 20. Bd6 Rxe2 21. Bxf8 Kxf8 22. Nd4 Rxb2 23. Nxc6 bxc6 24. Rxc6 Bb6 25. Rd6 Rd2 26. Rd7 Ke8 27. Rb7 Kf8 28. a4 g6 29. a5 Bxa5 30. Rxa7 Bb6 31. Rb7 Rb2 32. Kg2 Kg7 33. g4 h6 34. h3 g5 35. Rb8 Kf6 36. Rh8 Kg7 37. Ra8 d4 38. Ra3 Rd2 39. Raa1 Kf6 40. Rfd1 Rxd1 41. Rxd1 Ke5 42. Kf3 Kd5 43. Rb1 Bc7 44. Rb5+ Kc4 45. Rb7 Bf4 46. Rxf7 d3 47. Rd7 Kc3 48. Ke4 d2 49. Kf3 Kc2 50. Ke2 Kc1 51. Rd8 Kc2 52. Rc8+ Kb3 53. Kd1 Kb4 54. Rc6 1-0

[Event "Budapest Elekes Memorial"]
[Site "Budapest"]
[Date "2016.07.23"]
[Round "8"]
[White "Kormos, Adam"]
[Black "Piroska, Istvan"]
[Result "0-1"]
[WhiteElo "2202"]
[BlackElo "2172"]
[PlyCount "100"]
[EventDate "2016.07.16"]
[EventType "swiss"]
[EventRounds "9"]
[EventCountry "HUN"]
[SourceTitle "EXT 2025"]
[Source "ChessBase"]
[SourceDate "2024.10.14"]
[SourceVersion "1"]
[SourceVersionDate "2024.10.14"]
[SourceQuality "1"]

1. e4 e5 2. Nf3 Nc6 3. Bb5 a6 4. Ba4 Nf6 5. 0-0 Bc5 6. Nxe5 Nxe5 7. d4 b5 8. dxe5 Nxe4 9. Qg4 Bb7 10. Bb3 Qe7 11. Nc3 f5 12. Qh5+ g6 13. Qh6 0-0-0 14. Nxe4 fxe4 15. Bg5 Qxe5 16. Bxd8 Rxd8 17. Qh3 Kb8 18. c3 d5 19. Bd1 Rf8 20. Be2 h5 21. Qg3 Qf6 22. h4 Bd6 23. Qg5 Qe6 24. g3 Be7 25. Qh6 Rg8 26. a4 b4 27. Bxh5 Bf8 28. Qg5 gxh5 29. Qxh5 Bc5 30. Kg2 Bc8 31. Rh1 Rf8 32. Raf1 bxc3 33. bxc3 a5 34. Rb1+ Ka7 35. Rb2 e3 36. f4 Bb7 37. Kh2 Bb6 38. Qe5 Qc6 39. Re1 Re8 40. Qh5 Qxc3 41. Rbb1 Qc2+ 42. Kh3 Bc8+ 43. g4 Qe4 44. Kg3 d4 45. Qf7 Bb7 46. h5 d3 47. Qg6 d2 48. Red1 Qxg6 49. hxg6 Be4 50. Ra1 Bd4 0-1

[Event "Budapest Elekes Memorial"]
[Site "Budapest"]
[Date "2016.07.22"]
[Round "7"]
[White "Piroska, Istvan"]
[Black "Kozma, Gabor"]
[Result "1/2-1/2"]
[WhiteElo "2172"]
[BlackElo "2011"]
[PlyCount "42"]
[EventDate "2016.07.16"]
[EventType "swiss"]
[EventRounds "9"]
[EventCountry "HUN"]
[SourceTitle "EXT 2025"]
[Source "ChessBase"]
[SourceDate "2024.10.14"]
[SourceVersion "1"]
[SourceVersionDate "2024.10.14"]
[SourceQuality "1"]

1. e4 c5 2. Nf3 d6 3. d4 cxd4 4. Nxd4 Nf6 5. Nc3 a6 6. Bd3 e6 7. f4 Nc6 8. Nb3 Be7 9. 0-0 0-0 10. a3 b5 11. Qf3 Bb7 12. Be3 Rc8 13. Qh3 e5 14. Nd5 Nd4 15. Nxf6+ Bxf6 16. Bxd4 exd4 17. e5 Bh4 18. g3 dxe5 19. Qxh4 e4 20. Qxd8 Rfxd8 21. Rf2 exd3 1/2-1/2

[Event "Budapest Elekes Memorial"]
[Site "Budapest"]
[Date "2016.07.21"]
[Round "6"]
[White "Kovacs, Klara"]
[Black "Piroska, Istvan"]
[Result "1-0"]
[WhiteElo "2216"]
[BlackElo "2172"]
[PlyCount "63"]
[EventDate "2016.07.16"]
[EventType "swiss"]
[EventRounds "9"]
[EventCountry "HUN"]
[SourceTitle "EXT 2025"]
[Source "ChessBase"]
[SourceDate "2024.10.14"]
[SourceVersion "1"]
[SourceVersionDate "2024.10.14"]
[SourceQuality "1"]

1. c4 e6 2. g3 d5 3. Bg2 dxc4 4. Qa4+ Nd7 5. Qxc4 a6 6. Qc2 Ngf6 7. Nc3 c5 8. a4 Bd6 9. Nf3 0-0 10. 0-0 Nd5 11. d4 Nb4 12. Qb3 Qc7 13. dxc5 Bxc5 14. Ne4 a5 15. Bf4 Qb6 16. Rac1 Be7 17. Be3 Qa6 18. Nd4 Nd5 19. Bg5 f6 20. Bd2 Qb6 21. Nb5 Ne5 22. Nec3 Nxc3 23. Rxc3 Bd7 24. Be3 Qa6 25. Nc7 Qxe2 26. Nxa8 Rxa8 27. Qxb7 Rd8 28. Bb6 Re8 29. f4 Qxb2 30. fxe5 Qxc3 31. Qxd7 Bc5+ 32. Kh1 1-0

[Event "Budapest Spring op"]
[Site "Budapest"]
[Date "2016.03.19"]
[Round "2"]
[White "Nagy, Gabor"]
[Black "Piroska, Istvan"]
[Result "1-0"]
[WhiteElo "2402"]
[BlackElo "2096"]
[PlyCount "67"]
[EventDate "2016.03.18"]
[EventType "swiss"]
[EventRounds "9"]
[EventCountry "HUN"]
[SourceTitle "CBM 171 Extra"]
[Source "ChessBase"]
[SourceDate "2016.04.26"]
[SourceVersion "1"]
[SourceVersionDate "2016.04.26"]
[SourceQuality "1"]

1. Nf3 d5 2. c4 e6 3. d4 Nf6 4. Nc3 Be7 5. Bf4 0-0 6. e3 Nbd7 7. Qc2 a6 8. cxd5 exd5 9. Bd3 c5 10. dxc5 Nxc5 11. Rd1 b5 12. Nd4 Bb7 13. 0-0 Nxd3 14. Qxd3 b4 15. Nce2 a5 16. Rfe1 Ne4 17. Qb1 Bh4 18. Bg3 f5 19. Ne6 Qf6 20. Nxf8 Rxf8 21. Nf4 Bxg3 22. hxg3 Qe5 23. f3 Nxg3 24. Qd3 Qf6 25. Qd4 Qh6 26. Nh3 g5 27. Qe5 Nh5 28. Rd4 Qg6 29. Qe7 g4 30. fxg4 fxg4 31. Nf4 Nxf4 32. Rxf4 Rxf4 33. exf4 Qb6+ 34. Kh2 1-0

[Event "Perenyi Memorial"]
[Site "Budapest"]
[Date "2016.01.11"]
[Round "5"]
[White "Ongut, Tamas Gunes"]
[Black "Piroska, Istvan"]
[Result "1-0"]
[WhiteElo "1904"]
[BlackElo "2104"]
[PlyCount "101"]
[EventDate "2016.01.06"]
[EventType "swiss"]
[EventRounds "9"]
[EventCountry "HUN"]
[SourceTitle "CBM 170 Extra"]
[Source "ChessBase"]
[SourceDate "2016.02.25"]
[SourceVersion "1"]
[SourceVersionDate "2016.02.25"]
[SourceQuality "1"]

1. e4 e5 2. Nf3 Nc6 3. Bc4 Bc5 4. c3 Nf6 5. d4 exd4 6. cxd4 Bb4+ 7. Bd2 Bxd2+ 8. Nbxd2 d5 9. exd5 Nxd5 10. 0-0 0-0 11. h3 Nb6 12. Bd3 Nxd4 13. Nxd4 Qxd4 14. Qc2 h6 15. Nb3 Qf4 16. Rfe1 c6 17. Nc5 Nd5 18. a3 b6 19. Ne4 c5 20. Rad1 Be6 21. Ng3 Qg5 22. Qa4 h5 23. h4 Qf4 24. Be4 g6 25. Qc2 Rad8 26. Bxg6 fxg6 27. Qxg6+ Kh8 28. Qxh5+ Kg8 29. Rxe6 Qxf2+ 30. Kh2 Qxg2+ 31. Kxg2 Nf4+ 32. Kh2 Nxh5 33. Rxd8 Rxd8 34. Nxh5 Rd2+ 35. Kh3 Rxb2 36. Re3 c4 37. Rg3+ Kf7 38. Nf4 Rb3 39. Rxb3 cxb3 40. Nd5 b5 41. Nc3 b2 42. Kg4 a5 43. Nb1 Kg6 44. Kf4 Kh5 45. Ke5 Kxh4 46. Kd5 Kg4 47. Kc5 Kf5 48. Kxb5 Ke4 49. Kxa5 Kd3 50. Kb4 Kc2 51. Nc3 1-0